000 01015nam a2200253Ia 4500
008 220216s9999 xx 000 0 und d
100 _aTeisson C
245 0 _aIn vitro culture by temporary immersion : a new device
260 _bPlantations, Recherche, Developpement
_c1995
300 _a29-34
500 _aSource Year: 1996
520 _aA novel liquid culture technique involving brief, rather than continual, immersion in the medium (thus avoiding the problems of lack of oxygen and excess water) is described and illustrated. Examples of its sucessful use for the production of coffee microcuttings, banana micropropogation and somatic embryogenesis in coffee and Hevea brasiliensis are briefly reported.
650 _aHevea brasiliensis
650 _aIn vitro culture
650 _aLiquid culture
650 _aSomatic embryogenesis
700 _aAlvard D
700 _aBerthouly M
700 _aCote F
700 _aEscalant J V
700 _aEthienne H
856 _uHOA
942 _cJS
999 _c60941
_d60941